01912nam a22002777a 450000500170000000800410001702200140005804000140007221000090008622200390009524500470013426000400018130000220022131000220024336200420026550003390030750501860064650501860083250501940101850501260121265000370133865000560137594200170143199900170144895201690146520260507133038.0260507b |||||||| |||| 00| 0 eng d a0261-1929 aMMSUcULS aATLA aAlternatives to Laboratory Animals aATLA :bAlternatives to Laboratory Animals aLondon: bSage Publications,c2025- avolumes ;c28 cm. aSix times a year. aVolume 53, Number 3 (May 2025- ) aATLA is a peer-reviewed journal, intended to cover all aspects of the development, validation, implementation and use of alternatives to laboratory animals in biomedical research and toxicity testing. In addition to the replacement of animals, it also covers work that aims to reduce the number of animals used and refine the in vivo  tPermutation Tests Are a Useful Alternative Approach for Statistical Hypothesis Testing in Small Sample Sizes (pp. 130–137) /rTheresa Unseld, Lisa Ruckerbauer, and Benjamin Mayer  tThe Development of an Animal Product-free, Precision-cut Lung Slice Cryopreservation and Post-thaw Culture Method (pp. 138–153) /rHolger P. Behrsing, Khalid Amin, and Vivek Patel tThe Prevalence of Reported Gavage Incidents in Repeated Dose Toxicity Studies Involving Rats Conducted Between 2004–2023 (pp. 154–167) /rKaty Taylor, Laura Rego Alvarez and Emma Grange t20 Years of Providing Custom Non-Animal-Derived Antibodies — A Review (pp. 168–174) /rJohn Cardone and Achim Knappik aBiomedical researchvPeriodicals aAnimals as alternatives in laboratoiesvPeriodicals 2lcccSERIALS c29096d29096 00102ddc4070aMMSU_MAINbMMSU_MAINcSERIALS (Foreign)d2026-05-07hVolume 53, Number 3 (May 2025)l0pSERIALS-164r2026-05-07w2026-05-07ySERIALSzROOM USE ONLY